000 00726cam a2200265 i 4500
999 _c7541
_d7541
001 7541) Search:
003 BD-JhCC
005 20180307131017.0
008 790302s1979 maua b 001 0 eng
020 _a0201030926 :
_c$14.95
035 _a(BD-JhCC)7541) Search:
040 _aDLC
_cDLC
_dDLC
_dBD-JhCC
041 _aeng
050 0 0 _aHM51
_b.F39 1979
082 0 0 _a301
_bFED 1979
100 1 _aFederico, Ronald C.
245 1 0 _aSociology /
_cRonald C. Federico.
250 _a2d ed.
260 _aReading, Mass. :
_bAddison-Wesley Pub. Co.,
_cc1979.
300 _axxiv, 568 p. :
_bill. ;
_c26 cm.
504 _aIncludes bibliographies and indexes.
650 0 _aSociology.
942 _2ddc
_cBK